Регионална библиотека "Любен Каравелов" - Русе

Несъстоятелност по Търговският закон (Запис номер 10452)

MARC детайли
000 -Лидер
Контролно поле с фиксирана дължина 01370nam a2200337 c 4500
003 - Код на организацията, давaща контролен номер
Контролно поле BLK
005 - Дата и час на последна редакция
Контролно поле 20180422094155.0
008 - Елементи от данни с фиксирана дължина
fixed length control field 180412b bul|||||r ||||||| ||bul||
010 ## - Наследен системен номер
LC control number KNG00011938000
020 ## - Международен стандартен номер на книга ISBN
Международен стандартен номер на книга ISBN 954-608-011-Х
-- издат.: Труд и право
040 ## - Източник на каталожния запис
Идентификатор на билиотеката - собственик на записа BLK
041 ## - Код за език
Код за езика на текст/звукозапис или на отделно заглавие Български
Код за езика КДБФ Български
080 ## - УДК
Текстов определител УДК Търговско право
УДК код - определител по УДК 347.7
УДК определител (497.2)
УДК - код + определител 347.7(497.2)
100 1# - Редна дума - Автор
Автор Таджер, Витали Езра
Авторска отговорност първи автор
R(LIN) 363561
139 ## - Редно поле
Редна дума Таджер, Витали Езра и др.
Авторски знак Тадж - Т 18
245 10 - Сведения за заглавието
Заглавие Несъстоятелност по Търговският закон
Редно поле (дума) Витали Езра Таджер; съавт. Росен Карадимов.
257 ## - Страна на издаване
Страна на създаване/издаване България
260 ## - Област на издателските данни
-- София
Име на издателя, разпространителя и проч. Труд и право
Година на издаване 1996
300 ## - Физическа характеристика
Страници 208 с.
Размери/Мащаб 21 см
380 ## - Жанр
Жанр Обществени науки
500 ## - Общи забележки
Забележка Деп. списък: 12. - 6 000 тир. - Геогр. руб.: България.
650 #4 - Допълнително описание по предмет – тема
Основно описание – тема или топоним Несъстоятелност - по Търговския закон - България
9 (RLIN) 255556
650 #4 - Допълнително описание по предмет – тема
Основно описание – тема или топоним Търговско право - България
9 (RLIN) 243787
653 ## - Ключова дума – ненормативна
Ключова дума несъстоятелност
700 1# - Други автори (авторска отговорност)
Лично име Карадимов, Росен
Автороска отговорност (Описва отношението между автора и произведението) съавт.
9 (RLIN) 255555
852 ## - Местоположение
Форматна сигнатура Цб 188384
856 4# - Електронен адрес и достъп
Електронен формат pdf - файл
Път до файла /url/
856 4# - Електронен адрес и достъп
Електронен формат pdf - файл
Път до файла /url/
942 ## - АРТИКУЛИ
Вид на библиотечния материал Книги
Скрит в OPAC Не
944 ## - СЪЗДАВАНЕ И РЕДАКЦИЯ на ЗАПИСА
Създаване/Редакция Създаване
Дата на регистрацията/редакция 15.01.2003
Служител, извършил регистрацията/редакцията Кети_Илиева
944 ## - СЪЗДАВАНЕ И РЕДАКЦИЯ на ЗАПИСА
Създаване/Редакция Редакция
Дата на регистрацията/редакция 06.10.2015
Служител, извършил регистрацията/редакцията Нора_Радева
999 ## - СИСТЕМНИ КОНТРОЛНИ НОМЕРА
Koha biblionumber 10452
Koha biblioitemnumber 10452
Наличности
Код за отписване Код за изгубен артикул Източник на класификационната схема Код за повреда Коз за рестрикции Код за отдаване Артикулен № Име на библиотеката - собственик Име на библиотеката, в която се намира в момента Статус (Текущо местоположение) Дата на вписване в системата Местоположение - отдел Цена в лева Инвентарен номер Систематично азбучна сигнатура Баркод Номер на екземпляра Цена в евро Служебен тип на артикула Служебна бележка
  Не е изгубен Universal Decimal Classification Не е повреден без рестрикции ползва се в читалня 18131 Регионална библиотека "Любен Каравелов" Русе Регионална библиотека "Любен Каравелов" Русе Хранилище 2001-01-01 Хранилище 5.16 621629 Цб 188384 120000621629 1 2.64 Книги  
  Не е изгубен Universal Decimal Classification Не е повреден без рестрикции ползва се в читалня 18132 Регионална библиотека "Любен Каравелов" Русе Регионална библиотека "Любен Каравелов" Русе Читалня 2001-01-01 Читалня 2.28 625194 Ч 347(497.2)/Т 18 120000625194 2 1.17 Книги Дата инв: 14.03.2017 Бележки инв: Ч2017
Изтеглен Не е изгубен Universal Decimal Classification Не е повреден без рестрикции заемане за дома 18133 Регионална библиотека "Любен Каравелов" Русе Регионална библиотека "Любен Каравелов" Русе Заемна - подръчен фонд 2001-01-01 Заемна - подръчен фонд 2.28 625195 Цб 188384 625195 3 1.17 Книги  
Vip Innovations Ltd, Rousse, Bulgaria 2025